| 000 | 00354cam a2200145ua 4500 | ||
|---|---|---|---|
| 041 |
_aeng _h |
||
| 082 |
_a822 _bMAR/HE |
||
| 100 | _aMarar, T R K . | ||
| 245 | 0 | 0 | _aHeard melodies ; An anthology of english poems |
| 260 |
_aMelbourne : _bMacMillan and Company Limited , _c1969. |
||
| 300 | _a103 ; . | ||
| 504 | _a | ||
| 942 | _cBK | ||
| 999 |
_c614 _d614 |
||